00776nam a2200157Ia 4500008004100000020001800041050002100059110002700080245012700107260004500234300002100279500002100300650018200321952009800503999001700601120721s9999 xx 000 0 und d a970-676-660-X aKGF4624 M48 2005 aMéxico [Leyes, etc.] aFisco agenda 2005 : compendio de leyes, reglamentos y otras disposiciones conexas sobre la materia : con casos prácticos aMéxico : Ediciones Fiscales ISEF, 2005 a1106 p. ; 15 cm. aVersión cosida a1. Impuestos - Leyes y Legislación - México 2. Impuesto sobre la renta - leyes y legislación - México 3. Impuesto el valor agregado - leyes y legislación - MéxicoÌ 00104070a08b08d2008-12-17l0oKGF4624 M48 2005p08 000408r2012-07-20t1w2012-07-20yLB c81476d81476